1163 1880 1318 1803 1758 1378 1895 1053 1517 1845 1490 1141 1085 1673 1749 1870 1548 1697 1501 1931 1179 1368 1274 1198 1073 1835 1780 1406 1806 1557 1137 1466 1175 1551 1662 1934 1790 1916 1724 1856 1156 1360 1668 1803 1846 1027 1786 1668 1656 1636 1700 1159 1872 1553 1188 1392 1099 1282 1519 1240 1444 1347 1761 1190 1233 1735 1396 1422 1970 1864 1383 1504 1008 1250 1871 1892 1758 1544 1253 1936 1560 1420 1566 1223 1816 1694 1343 1682 1985 1878 1422 1170 1008 1699 1448 1749 1304 1964 1009 BCNSPRNW ULIB Ver.6.0+V

เปลี่ยนเป็นภาษาไทย

Change to English
 แสดงรายละเอียดบรรณานุกรม
  กลับหน้าหลัก

Brief Record : Get Marc (ISO 2709) : E-mail record : QR code < ปิดหน้าต่าง
LEADER : 00000nam 2200000uu 4500
001    13399125059
003     ULIB
008    160609s2556||||th 000 0 tha d
020    ^a9789746728263
060  4 ^aWG142^bส867พ
100    ^aสุรีย์ เลขวรรณวิจิตร
245    ^aพยาธิสรีรวิทยาและการวินิจฉัย Cardiorenal Syndrome/^cสุรีย์ เลขวรรณวิจิตร
250    ^aพิมพ์ครั้งที่ 1
260    ^aเชียงใหม่ :^bภาควิชาพยาธิวิทยา คณะแพทยศาสตร์ มหาวิทยาลัยเชียงใหม่,^c2556
300    ^a277 หน้า
650    ^aพยาธิวิทยา^xการวินิจฉัย
650    ^aสรีวิทยา^xการวินิจฉัย
650  0 โรคหัวใจและหลอดเลือด
945    ^p300^l0^i001206
945    ^p300^l0^i001207
945    ^p300^l0^i001208
945    ^p300^l0^i001209
945    ^p300^l0^i001210
999    ^aเกษร โพธิ์สุวรรณ
รายการนี้ยังไม่มีแท็ก
คุณยังไม่ได้ล็อกอิน คุณสามารถมีกิจกรรมร่วมกับเว็บไซต์ได้ แต่ต้องล็อกอินก่อน ::
  ล็อกอิน

รายการสื่อสารสนเทศ

ลำดับที่ ประเภท เลขเรียก/บาร์โค้ด สถานที่ สถานะ
1. วิทยาศาสตร์การแพทย์ และสุขภาพ
หนังสือสำรอง
สถานะ=หนังสือสำรอง
WG142 ส867พ ฉ.1 
  Barcode: 001206
ห้องสมุดวิทยาเขตสวรรค์ประชารักษ์
►ส่วนจัดเก็บหนังสือเก่า สปร
บนชั้น
  ขอยืม
2. วิทยาศาสตร์การแพทย์ และสุขภาพ
วิทยาศาสตร์การแพทย์ และสุขภาพ
WG142 ส867พ ฉ.2 
  Barcode: 001207
ห้องสมุดวิทยาเขตสวรรค์ประชารักษ์
►ส่วนจัดเก็บหนังสือเก่า สปร
บนชั้น
  ขอยืม
3. วิทยาศาสตร์การแพทย์ และสุขภาพ
วิทยาศาสตร์การแพทย์ และสุขภาพ
WG142 ส867พ ฉ.3 
  Barcode: 001208
ห้องสมุดวิทยาเขตสวรรค์ประชารักษ์
►ส่วนจัดเก็บหนังสือเก่า สปร
บนชั้น
  ขอยืม
4. วิทยาศาสตร์การแพทย์ และสุขภาพ
วิทยาศาสตร์การแพทย์ และสุขภาพ
WG142 ส867พ ฉ.4 
  Barcode: 001209
ห้องสมุดวิทยาเขตสวรรค์ประชารักษ์
►ส่วนจัดเก็บหนังสือเก่า สปร
บนชั้น
  ขอยืม
5. วิทยาศาสตร์การแพทย์ และสุขภาพ
วิทยาศาสตร์การแพทย์ และสุขภาพ
WG142 ส867พ ฉ.5 
  Barcode: 001210
ห้องสมุดวิทยาเขตสวรรค์ประชารักษ์
►ส่วนจัดเก็บหนังสือเก่า สปร
บนชั้น
  ขอยืม

รายการใกล้เคียง
    ผู้แต่ง [สุรีย์ เลขวรรณวิจิตร]

    หัวเรื่อง [โรคหัวใจและหลอดเลือด]

BibComment


ยังไม่เคยถูกคอมเมนท์

คอมเมนท์ทรัพยากรรายการนี้
  คอมเมนท์: พยาธิสรีรวิทยาแล..


 Copyright 2026. Bcnsprnw @Library